000
00321nam a22001457a 4500
008
210304b ||||| |||| 00| 0 eng d
020
_a
9780536833549
041
_a
eng
080
_a
330
082
_a
330
100
_a
52
101
_a
EKO
245
_a
Ecomomics Today The Micro View
_c
Miller, R.L
942
_2
udc
_c
BK
999
_c
55752
_d
55752